Statistics for Countries/River/Sea Bordering Bulgaria Quiz

Click here to take the quiz!

General Stats

  • This quiz has been taken 663 times
  • The average score is 6 of 7

Answer Stats

LengthCountry / River / Sea% Correct
139 kmRomania
96%
493 kmGreece
94%
341 kmSerbia
93%
259 kmTurkey
91%
165 kmRepublic of Macedonia
87%
378 kmBlack sea
85%
470 kmDanube
70%

Score Distribution

Percentile by Number Answered

Percent of People with Each Score

Your Score History

You have not taken this quiz